Conceptual and Preliminary Design of Pak-NGFA CAD Modeling of Systems and Sub-systems (Record no. 327297)

000 -LEADER
fixed length control field 00432 a2200133 4500
001 - CONTROL NUMBER
control field 92224
082 ## - DEWEY DECIMAL CLASSIFICATION NUMBER
Classification number PR 2487
090 ## - LOCALLY ASSIGNED LC-TYPE CALL NUMBER (OCLC); LOCAL CALL NUMBER (RLIN)
-- 44184
-- 44183
100 ## - MAIN ENTRY--PERSONAL NAME
Personal name Qazi Abdul Haseeb and Abdullah Bin Masood; Prof Farooq Bin Akram (Advisor)
245 ## - TITLE STATEMENT
Title Conceptual and Preliminary Design of Pak-NGFA CAD Modeling of Systems and Sub-systems
Medium 78 "A" EC
260 ## - PUBLICATION, DISTRIBUTION, ETC.
Place of publication, distribution, etc. Islamabad
Name of publisher, distributor, etc. NUST
Date of publication, distribution, etc. 2015
300 ## - PHYSICAL DESCRIPTION
Extent xii,76p.
500 ## - GENERAL NOTE
General note BE Project Report
942 ## - ADDED ENTRY ELEMENTS (KOHA)
Institution code [OBSOLETE] CAE NUST
Call number prefix PR 2487
Holdings
Withdrawn status Lost status Damaged status Not for loan Collection code Permanent Location Current Location Date acquired Total Checkouts Full call number Barcode Date last seen Price effective from Koha item type
          College of Aeronautical Engineering (CAE) College of Aeronautical Engineering (CAE) 04/03/2017   PR 2487 CAEPR-2487 04/05/2017 04/05/2017 Book
© 2023 Central Library, National University of Sciences and Technology. All Rights Reserved.